000 00601nam a22001817a 4500
999 _c3647
_d3647
003 AR-CdUCM
008 190307b ||||| |||| 00| 0 spa d
040 _aMUNICIPALIDAD PROVINCIAL DEL CUSCO
_cBIBLIOTECA MUNICIPAL DEL CUSCO
082 _a869.56 /
_bW56
100 _aWiesse, María
_98976
245 _aTríptico /
260 _aLima :
_bCía. de Imp. y Publicidad,
_c1953.
300 _a97 paginas ;
_c18 cm.
505 _aContenido :La casa frente al mar --La niña de los cabellos de oro --Versos para mi soledad ...
650 _aNovelas peruanas
_9545
942 _2ddc
_cLIBROS
945 _arjall